00263nam a2200097Ia 4500082001800000245005200018100002800070942000700098008004100105999001900146 a322.4968 WEWR 0aWe write what we like : celebrating Steve Biko  a VAN WYK, Chris 92729 cBK210825s9999 xx 000 0 und d c558709d558708